00450nam a2200181 a 4500001001300000003000900013005001700022008004100039020001000080082001600090100001800106245002300124260003200147300000800179500003500187505002800222700001800250nice12345678IN_TiNIC20260116011536.0050524s1258 lona grp 000 0 per  ac10000a297.82bRAZ aRaza, M Momin aJannaatul Khulood. aLondon bNo Publisherc1258 a00p aincludes index and biblioraphy2 afour parts in two vols.1 aRaza, M Momin